Coisas Transparentes (Registo nº 5970)
[ vista simples ]
| 000 -Etiqueta do registo | |
|---|---|
| Valores | 01185nam 22002293 4500 |
| 010 ## - Número ISBN | |
| ISBN | 85-312-0210-8 |
| 100 ## - Dados gerais de processamento | |
| Dados gerais | 20211231d1992 u||y0pory50 ba |
| 200 ## - Titulo e menção de responsabilidade | |
| Título próprio | Coisas Transparentes |
| Primeira menção de responsabilidade | Vladimir Nabokov |
| Outras menções de responsabilidade | trad. Sonia de Souza Moreira |
| 210 ## - Publicação | |
| Local de publicação | [Rio de Janeiro] |
| Nome do editor | Imago Editora |
| Data de publicação | 1992 |
| 215 ## - Descrição física | |
| Paginação / Volumes | 157 p. |
| 225 ## - Colecção | |
| Título próprio da colecção | Coleção Lazuli |
| 330 ## - Sumário ou Resumo | |
| Texto da nota | Desde a infância e seus temores noturnos, o sono era o problema crônico do nosso Person. Ele não podia crer que pessoas decentes tivessem pesadelos obscenos e absurdos como os que o infernizavam durante a noite e continuavam ardendo durante todo o dia. Nem os pesadelos que os seus amigos de vez em quando lhe contavam, nem os casos narrados nos livros freudianos de interpretação dos sonhos, com as suas hilárias elucidações, podiam ser comparados à vilania complexa das experiências por que ele passava quase todas as noites. |
| 606 ## - Nome comum usado como assunto | |
| ID Autoridade | 13 |
| Palavra de ordem | Literatura Estrangeira |
| 675 ## - CDU | |
| Notação | 813 |
| Língua | por |
| 675 ## - CDU | |
| Notação | 820(73)-3 |
| Língua | por |
| 700 ## - Autor principal (pessoa individual) | |
| ID Autoridade | 4239 |
| Apelido | Nabokov |
| Nome | Vladimir |
| Datas | 1899-1977 |
| 702 ## - Autor secundário (pessoa individual) | |
| ID Autoridade | 5651 |
| Apelido | Moreira |
| Nome | Sonia de Souza |
| 801 ## - Fonte de origem | |
| País | PT |
| Agência | BMVN |
| Regras de catalogação | RPC |
| 830 ## - Notas gerais do catalogador | |
| Criado por | Inês Silva |
| Data de criação | 31/12/2021 |
| 990 ## - Elementos KOHA | |
| Tipo de documento | Livro |
| Situação do levantamento | Biblioteca de origem | Código de barras | Cota | Permissão de empréstimo | Tipo de documento | Forma de aquisição |
|---|---|---|---|---|---|---|
| Biblioteca Municipal de Vendas Novas | 100000001764 | LE NAB/COI | Livro |